Ultimate Famous Person to Birth State Click Quiz - Statistics

General Stats
  • This quiz has been taken 7 times
  • The average score is 19 of 50
Answer Stats
Hint Answer % Correct
Ariana Grande Florida
60%
Michael Jackson Indiana
60%
Johnny Depp Kentucky
60%
Stephen King Maine
60%
Frank Sinatra New Jersey
60%
Eric Christian Olsen Oregon
60%
Joe Biden Pennsylvania
60%
Helen Keller Alabama
40%
Charles Melton Alaska
40%
Emma Stone Arizona
40%
Kim Kardashian California
40%
Tim Allen Colorado
40%
Aubrey Plaza Delaware
40%
Jackie Robinson Georgia
40%
Barack Obama Hawaii
40%
Aaron Paul Idaho
40%
Walt Disney Illinois
40%
John Wayne Iowa
40%
Amelia Earhart Kansas
40%
Lil Wayne Louisiana
40%
Babe Ruth Maryland
40%
John F. Kennedy Massachusetts
40%
Prince Minnesota
40%
Oprah Winfrey Mississippi
40%
Eminem Missouri
40%
Dana Carvey Montana
40%
Franklin Pierce New Hampshire
40%
Donald Trump New York
40%
Michael Jordan North Carolina
40%
Wiz Khalifa North Dakota
40%
John Legend Ohio
40%
H.P. Lovecraft Rhode Island
40%
January Jones South Dakota
40%
Selena Gomez Texas
40%
Jimi Hendrix Washington
40%
Steve Harvey West Virginia
40%
Willem Dafoe Wisconsin
40%
Jackson Pollock Wyoming
40%
Johnny Cash Arkansas
20%
Katharine Hepburn Connecticut
20%
Madonna Michigan
20%
Marlon Brando Nebraska
20%
Dawn Wells Nevada
20%
Demi Lovato New Mexico
20%
Carrie Underwood Oklahoma
20%
Chris Rock South Carolina
20%
Morgan Freeman Tennessee
20%
Wilford Brimley Utah
20%
Orson Bean Vermont
20%
Ella Fitzgerald Virginia
20%
No matching quizzes found
Score Distribution
Percent of People with Each Score
Percentile by Number Answered
Your Score History
You have not taken this quiz